000 00882cab a2200241 4500
001 ABS57846
008 090401t1997 xxu||||| |||| 00| 0 eng d
035 _a(Sirsi) u81642
041 _aeng
100 _aBurns, J.
245 _aPlan to get best use of it
260 _c1997
350 _a0
490 _aFarmers' Weekly
_v127(14) 3 October 1997, 54(1)
520 _aIllustrates how to make better use of organic nutrients by preparing a farm waste management plan. Free copies of "Farm Waste Management Plan" from Mr R. Evans, MAFF 0171-238-5665 and free "Codes of Good Agricultural Practice for Protection of Air, Water and Soil" from MAFF publications 0645-556000.
650 _aFARM WASTE MANAGEMENT PLANS
650 _aLIVESTOCK FARMING
650 _aMAFF
650 _aWASTE MANAGEMENT PLANS
690 _aRURAL PRACTICE
942 _n0
948 _c22/10/1997
999 _c51458
_d51458